Pays n'ayant jamais participés à une Coupe du Monde - Statistiques

Statistiques générales
  • Ce quiz a été pris 46 fois
    6 depuis la dernière actualisation
  • Le résultat moyen est 76 sur 128
Statistiques - réponses
Continents Pays % Correct
Asie Afghanistan
83%
Europe Albanie
83%
Europe Arménie
83%
Europe Azerbaidjan
83%
Amérique du Nord Bahamas
83%
Asie Bangladesh
83%
Amérique du Nord Belize
83%
Asie Birmanie
83%
Asie Brunei
83%
Afrique Burundi
83%
Asie Cambodge
83%
Europe Chypre
83%
Afrique Erythrée
83%
Europe Estonie
83%
Afrique Eswatini
83%
Océanie Fidji
83%
Europe Finlande
83%
Amérique du Nord Guyana
83%
Asie Inde
83%
Asie Kirghizistan
83%
Europe Kosovo
83%
Europe Lettonie
83%
Europe Lituanie
83%
Europe Luxembourg
83%
Europe Macédoine du Nord
83%
Europe Moldavie
83%
Asie Mongolie
83%
Europe Monténégro
83%
Asie Népal
83%
Amérique du Nord République Dominicaine
83%
Amérique du Nord Saint-Christophe-et-Nièves
83%
Océanie Samoa
83%
Asie Sri Lanka
83%
Amérique du Nord Suriname
83%
Asie Tadjikistan
83%
Asie Taiwan
83%
Asie Thailande
83%
Océanie Tonga
83%
Océanie Vanuatu
83%
Europe Andorre
67%
Asie Bahrein
67%
Amérique du Nord Barbade
67%
Asie Bhoutan
67%
Europe Biélorussie
67%
Afrique Botswana
67%
Afrique Djibouti
67%
Amérique du Nord Dominique
67%
Afrique Ethiopie
67%
Afrique Gabon
67%
Océanie Îles Salomon
67%
Europe Kazakhstan
67%
Afrique Kenya
67%
Europe Liechtenstein
67%
Asie Malaisie
67%
Asie Maldives
67%
Europe Malte
67%
Afrique Mauritanie
67%
Afrique Mozambique
67%
Afrique Namibie
67%
Amérique du Nord Nicaragua
67%
Asie Pakistan
67%
Océanie Papouasie-Nouvelle-Guinée
67%
Asie Philippines
67%
Afrique République centrafricaine
67%
Europe Saint-Marin
67%
Amérique du Nord Saint-Vincent-et les Grenadines
67%
Asie Singapour
67%
Afrique Somalie
67%
Asie Syrie
67%
Asie Timor oriental
67%
Asie Turkménistan
67%
Afrique Zimbabwe
67%
Amérique du Nord Antigua-et-Barbuda
50%
Afrique Bénin
50%
Afrique Burkina Faso
50%
Afrique Comores
50%
Afrique Congo
50%
Afrique Gambie
50%
Europe Géorgie
50%
Europe Gibraltar
50%
Amérique du Nord Grenade
50%
Amérique du Nord Guatemala
50%
Afrique Guinée
50%
Afrique Guinée-Bissau
50%
Afrique Guinée équatoriale
50%
Europe Iles Féroé
50%
Asie Laos
50%
Asie Liban
50%
Afrique Libye
50%
Afrique Madagascar
50%
Afrique Malawi
50%
Afrique Mali
50%
Afrique Maurice
50%
Océanie Nouvelle-Calédonie
50%
Asie Oman
50%
Afrique Ouganda
50%
Afrique Rwanda
50%
Amérique du Nord Sainte-Lucie
50%
Afrique Sierra Leone
50%
Afrique Soudan
50%
Afrique Soudan du Sud
50%
Afrique Tanzanie
50%
Amérique du Sud Venezuela
50%
Asie Viet Nam
50%
Asie Yémen
50%
Afrique Zambie
50%
Asie Hong Kong
33%
Afrique Lesotho
33%
Afrique Libéria
33%
Afrique Niger
33%
Afrique São Tomé-et-Príncipe
33%
Afrique Seychelles
33%
Océanie Tahiti
33%
Afrique Tchad
33%
Amérique du Nord Aruba
17%
Amérique du Nord Bermudes
17%
Amérique du Nord Îles Vierges britanniques
17%
Asie Guam
17%
Amérique du Nord Iles Caimans
17%
Amérique du Nord Îles Vierges américaines
17%
Asie Macao
17%
Océanie Samoa américaines
17%
Amérique du Nord Anguilla
0%
Océanie Iles Cook
0%
Amérique du Nord Îles Turks et Caïques
0%
Amérique du Nord Montserrat
0%
Asie Palestine
0%
Amérique du Nord Porto Rico
0%
Aucun quiz correspondant
Distribution des résultats
% des personnes avec chaque résultat
Percentile par nombre de réponses
Votre historique - résultats
Vous n’avez pas pris ce quiz depuis la dernière actualisation